[Event "Catalunya-chT GpB final"]
[Site "Barcelona"]
[Date "2015.04.11"]
[Round "10.2"]
[White "Munoz Munoz, Teresa"]
[Black "Lluis Alabedra, Alvar"]
[Result "1-0"]
[WhiteElo "1859"]
[BlackElo "2073"]
[PlyCount "63"]
[EventDate "2015.03.14"]
[EventType "team-tourn"]
[EventRounds "11"]
[EventCountry "ESP"]
[SourceTitle "EXT 2016"]
[Source "ChessBase"]
[SourceDate "2015.10.08"]
[SourceVersion "1"]
[SourceVersionDate "2015.10.08"]
[SourceQuality "1"]
[WhiteTeam "Mollet"]
[BlackTeam "Foment Martinenc"]
[WhiteTeamCountry "ESP"]
[BlackTeamCountry "ESP"]

1. c4 e5 2. g3 Nc6 3. Bg2 g6 4. Nc3 Bg7 5. e3 d6 6. Nge2 f5 7. 0-0 Nf6 8. d4 0-0 9. a3 Kh8 10. b4 Qe8 11. b5 Nd8 12. c5 g5 13. a4 Qh5 14. cxd6 cxd6 15. Ba3 Nf7 16. dxe5 Ng4 17. h3 Ngxe5 18. Nd4 g4 19. h4 Ng6 20. Nd5 Be5 21. Nf4 Nxf4 22. exf4 Bf6 23. a5 Qg6 24. Rc1 Qg7 25. Rc4 Rb8 26. b6 axb6 27. axb6 Ra8 28. Bb2 Ra6 29. Qb3 Rd8 30. Rxc8 Rxc8 31. Bxb7 Rf8 32. Ne6 1-0

[Event "Foment Martinenc op-A 15th"]
[Site "Barcelona"]
[Date "2013.06.01"]
[Round "7"]
[White "Lluis Alabedra, Alvar"]
[Black "Ventura Bolet, Maxim"]
[Result "1/2-1/2"]
[WhiteElo "2050"]
[BlackElo "2027"]
[PlyCount "90"]
[EventDate "2013.04.20"]
[EventType "swiss"]
[EventRounds "9"]
[EventCountry "ESP"]
[SourceTitle "CBM 154 Extra"]
[Source "ChessBase"]
[SourceDate "2013.06.25"]
[SourceVersion "2"]
[SourceVersionDate "2013.06.25"]
[SourceQuality "1"]

1. e4 c5 2. Nf3 e6 3. d4 cxd4 4. Nxd4 a6 5. Nc3 b5 6. Bd3 Qb6 7. Nb3 Qc7 8. Qe2 Bb7 9. 0-0 Nf6 10. e5 b4 11. Nd1 Nd5 12. Bd2 Nc6 13. f4 a5 14. c4 Nb6 15. Be3 a4 16. Nd2 Na5 17. Rc1 Bc5 18. Ne4 Bxe4 19. Bxe4 Rc8 20. Bd3 Nb7 21. Qg4 0-0 22. Rf3 f5 23. exf6 Rxf6 24. Rg3 g6 25. Rf3 Rcf8 26. g3 Bxe3+ 27. Nxe3 d5 28. Rc2 d4 29. Nf1 b3 30. axb3 axb3 31. Re2 Nxc4 32. Kf2 Nbd6 33. h4 Nf5 34. Bxc4 Qxc4 35. Nd2 Qc1 36. Nxb3 Qh1 37. Nc5 Ne3 38. Rfxe3 dxe3+ 39. Rxe3 Qh2+ 40. Ke1 Ra8 41. Qe2 Qh1+ 42. Kd2 Qd5+ 43. Nd3 Rb8 44. Ke1 Qh1+ 45. Kd2 Qd5 1/2-1/2

[Event "Foment Martinenc op-A 15th"]
[Site "Barcelona"]
[Date "2013.05.25"]
[Round "6"]
[White "Munoz Pantoja, Miguel Angel"]
[Black "Lluis Alabedra, Alvar"]
[Result "1-0"]
[WhiteElo "2464"]
[BlackElo "2050"]
[PlyCount "65"]
[EventDate "2013.04.20"]
[EventType "swiss"]
[EventRounds "9"]
[EventCountry "ESP"]
[SourceTitle "CBM 154 Extra"]
[Source "ChessBase"]
[SourceDate "2013.06.25"]
[SourceVersion "2"]
[SourceVersionDate "2013.06.25"]
[SourceQuality "1"]

1. e4 c5 2. Nf3 e6 3. d4 cxd4 4. Nxd4 Nc6 5. Nb5 d6 6. Bf4 e5 7. Be3 Be6 8. N1c3 a6 9. Na3 Nf6 10. Nc4 b5 11. Nb6 Rb8 12. Nbd5 Ng4 13. Bc1 b4 14. Na4 Nd4 15. c3 bxc3 16. Naxc3 Qa5 17. Bxa6 Qc5 18. 0-0 Nf6 19. Be3 Nxe4 20. Rc1 Bxd5 21. Nxe4 Qa5 22. Nc3 Be6 23. Bd3 Be7 24. f4 0-0 25. f5 Bxa2 26. f6 Bxf6 27. Rxf6 Rxb2 28. Rf2 Bb3 29. Bxh7+ Kxh7 30. Qh5+ Kg8 31. Rxb2 Rc8 32. Bxd4 Qa3 33. Rcb1 1-0

[Event "ESP-ch U18"]
[Site "Linares"]
[Date "2007.07.31"]
[Round "4"]
[White "Lluis Alabedra, Alvar"]
[Black "Aranaz Murillo, Amalia"]
[Result "0-1"]
[WhiteElo "2096"]
[BlackElo "1706"]
[PlyCount "81"]
[EventDate "2007.07.29"]
[EventType "swiss"]
[EventRounds "9"]
[EventCountry "ESP"]
[SourceTitle "EXT 2008"]
[Source "ChessBase"]
[SourceDate "2007.11.25"]
[SourceVersion "1"]
[SourceVersionDate "2007.11.25"]
[SourceQuality "1"]

1. e4 c6 2. d4 d5 3. Nc3 dxe4 4. Nxe4 Bf5 5. Ng3 Bg6 6. h4 h6 7. Nf3 e6 8. Ne5 Bh7 9. Bd3 Bxd3 10. Qxd3 Nd7 11. f4 Ngf6 12. Bd2 c5 13. 0-0-0 Be7 14. dxc5 Nxe5 15. fxe5 Qxd3 16. cxd3 Ng4 17. Ne4 Rc8 18. d4 f5 19. exf6 gxf6 20. Rdf1 f5 21. Nf2 Nf6 22. Bf4 Nd5 23. Be5 Rg8 24. g3 b6 25. Kb1 bxc5 26. dxc5 Kd7 27. Rc1 Bxc5 28. Nd3 Be3 29. Rxc8 Rxc8 30. Rd1 Ke7 31. Nf4 Nxf4 32. gxf4 Rg8 33. Re1 Bb6 34. Re2 Rg4 35. h5 Bc5 36. Rd2 Be3 37. Re2 Bxf4 38. Kc2 Bg5 39. Kb3 Bf6 40. Bb8 a5 41. a4 0-1

[Event "Barcelona Sants op 08th"]
[Site "Barcelona"]
[Date "2006.08.25"]
[Round "1"]
[White "Lapshun, Yury"]
[Black "Lluis Alabedra, Alvar"]
[Result "1-0"]
[WhiteElo "2452"]
[BlackElo "2024"]
[PlyCount "81"]
[EventDate "2006.08.25"]
[EventType "swiss"]
[EventRounds "10"]
[EventCountry "ESP"]
[SourceTitle "CBM 113 Extra"]
[Source "ChessBase"]
[SourceDate "2006.09.14"]
[SourceVersion "1"]
[SourceVersionDate "2006.09.14"]
[SourceQuality "1"]

1. b4 e6 2. Bb2 Nf6 3. a3 b6 4. e3 Bb7 5. f4 Be7 6. Nf3 0-0 7. c4 Ne4 8. d3 Bh4+ 9. g3 Bf6 10. Ra2 Bxb2 11. Rxb2 Qf6 12. Rb3 Ng5 13. Nbd2 Nxf3+ 14. Nxf3 e5 15. Bg2 exf4 16. gxf4 Re8 17. Kf2 d5 18. Qa1 Qxa1 19. Rxa1 dxc4 20. Rc3 a5 21. b5 c5 22. bxc6 Bxc6 23. Rxc4 b5 24. Rc5 Ra6 25. e4 Nd7 26. Rc2 Rb6 27. Nd4 Bb7 28. Rb1 Ba6 29. Rc6 Reb8 30. Rxb6 Rxb6 31. Nb3 b4 32. Nxa5 Bxd3 33. Rb3 Bc2 34. Rxb4 Rf6 35. Ke3 Rg6 36. Bf3 Rh6 37. Rb2 Ba4 38. Nc4 Rh3 39. Rd2 Bb5 40. Nb6 Nxb6 41. Rd8+ 1-0

[Event "Barcelona Sant Marti op 04th"]
[Site "Barcelona"]
[Date "2002.06.01"]
[Round "9.34"]
[White "Lopez Abaurrea, Eduardo"]
[Black "Lluis Alabedra, Alvar"]
[Result "1-0"]
[WhiteElo "1925"]
[BlackElo "1710"]
[PlyCount "79"]
[EventDate "2002.04.06"]
[EventType "swiss"]
[EventRounds "9"]
[EventCountry "ESP"]
[SourceTitle "EXT 2003"]
[Source "ChessBase"]
[SourceDate "2002.11.25"]
[SourceVersion "1"]
[SourceVersionDate "2002.11.25"]
[SourceQuality "1"]

1. c4 e5 2. Nc3 Nf6 3. g3 c6 4. Bg2 d5 5. cxd5 cxd5 6. e3 Nc6 7. Nge2 d4 8. exd4 Nxd4 9. Nxd4 Qxd4 10. Qa4+ Qxa4 11. Nxa4 Rb8 12. 0-0 b5 13. Nc3 Bc5 14. Re1 Bd4 15. Ne2 Bb6 16. h3 0-0 17. b3 Re8 18. Bb2 Nd7 19. b4 e4 20. Nc3 f5 21. Nd5 Ne5 22. Bxe5 Rxe5 23. Nxb6 Rxb6 24. Rac1 Be6 25. a3 Rd6 26. Rc2 Red5 27. f3 Rxd2 28. Rxd2 Rxd2 29. fxe4 fxe4 30. g4 h6 31. Bxe4 Ra2 32. Bb1 Ra1 33. Bh7+ Kxh7 34. Rxa1 Bb3 35. Re1 Kg6 36. Kf2 Kg5 37. Kg3 Ba4 38. Re7 g6 39. Rf7 Bb3 40. h4# 1-0